000 00453nam a2200181Ia 4500
001 1496
005 20260306143732.0
008 260306t2020||||xx |||||||||||||| ||spa||
041 _aESP
082 _a150.287
_bL536
100 _aLeong, Frederick T. L,
_eAUT
245 0 _aManual internacional de pruebas y evaluación del ITC
260 _c2020
300 _a490 pƔginas :
_c27 cm.
650 _aGEN
654 _aCPS
942 _cLIB
_dJUS
_fJUS
_2ddc
_n
999 _c1496
_d1496